000 00250nam a2200097Ia 4500
001 1143108
005 20250827010150.0
008 250824s9999 xx 000 0 und d
245 0 _aBEN HEP KAYBETTİM
_cMEHMET ALİ KILINÇ
260 _bDESTEK YAYINLARI
999 _c1143108
_d1143108